| 000 | 01157nas a2200373 4500 | ||
|---|---|---|---|
| 001 | BR2015007030 | ||
| 003 | BR-BrBNA | ||
| 005 | 20231205125944.0 | ||
| 007 | ta | ||
| 008 | 230509b bl.|||p| |||| 00| 00por d | ||
| 040 |
_aBR-BrBNA _bpor _cBiblioteca Nacional de Agricultura |
||
| 041 | _a(Pt) | ||
| 072 | _aF01; F40 | ||
| 100 | 1 | _aZanon, A.E. | |
| 100 | 1 | _aWinck, J.E.M. | |
| 100 | 1 | _aStreck, N.A. | |
| 100 | 1 | _aRocha, T.S.M. da | |
| 100 | 1 | _aCera, J.C. | |
| 100 | 1 | _aRichter, G.L. | |
| 100 | 1 | _aLago, I. | |
| 100 | 1 | _aSantos, P.M. dos | |
| 100 | 1 | _aMaciel, L. da R. | |
| 100 | 1 | _aGuedes, J.V.C. | |
| 100 | 1 | _aMarchesan, E. | |
| 245 | 1 | _aDesenvolvimento de cultivares de soja em função do grupo de maturação e tipo de crescimento em terras altas e terras baixas | |
| 650 | _aSOJA | ||
| 650 | _aÉPOCA DE SEMEADURA | ||
| 650 | _aCRESCIMENTO | ||
| 650 | _aFENOLOGIA | ||
| 773 | 0 |
_tBragantia (Brazil) _xISSN 1678-4499 _g(Oct-Dec 2015), v. 74(4) p. 400-411 _wBR2015007030 |
|
| 856 | 4 | 0 | _uhttp://www.scielo.br/pdf/brag/v74n4/0006-8705-brag-1678-44990043.pdf |
| 909 |
_a202311 _bLúcia _c55 _dLúcia Elande |
||
| 942 |
_2AGRIS _n0 _cANA |
||
| 999 |
_c247099 _d247099 |
||